000 00418nam a22001457a 4500
005 20171204124316.0
008 171204b xxu||||| |||| 00| 0 eng d
020 _a9786030004140
040 _cPK-LaUMT
082 _aPKAC 030.0917671
_bMUS-
245 _aMuslim world almanac/
_cSaqib Jawaid Anwar Al Hassan(Editor)
260 _aKarachi:
_bJawaid Anwar Al Hassan publishers,
_c2008
300 _a908 p.
942 _cBK
999 _c100449
_d100449